1869 1202 1197 1324 1772 1235 1583 1142 1059 1462 1938 1696 1493 1432 1221 1613 1432 1199 1099 1354 1859 1377 1836 1196 1848 1242 1136 1079 1001 1997 1700 1312 1425 1763 1035 1396 1706 1335 1294 1437 1190 1928 1617 1956 1518 1841 1561 1350 1666 1510 1229 1596 1680 1476 1462 1115 1591 1979 1049 1826 1886 1785 1820 1432 1247 1186 1849 1411 1714 1503 1799 1828 1661 1598 1740 1277 1089 1072 1197 1395 1448 1921 1364 1826 1218 1253 1947 1407 1887 1317 1428 1253 1657 1427 1831 1298 1404 1576 1551 BCNSPRNW ULIB Ver.6.0+V

เปลี่ยนเป็นภาษาไทย

Change to English
 แสดงรายละเอียดบรรณานุกรม
  กลับหน้าหลัก

Brief Record : Get Marc (ISO 2709) : E-mail record : QR code < ปิดหน้าต่าง
LEADER : 00000nam 2200000uu 4500
001    13399113611
003     ULIB
008    111128s2552||||th 000 0 tha d
020    ^a9786110600255
090    ^aนว.^bL111K 2552
100 0  ^aTheLittleFinger
245 00 ^aKiss of Mars ปฏิบัติการยึดรักข้ามดวงดาว/^cTheLittleFinger
250    ^aพิมพ์ครั้งที่ 1
260    ^aกรุงเทพฯ :^bแจ่มใส,^c2552
300    ^a258 หน้า
710 1  ^aแจ่มใส
945    ^p189^l0^i15822
995    ^aทศพร
999    ^aใช้งานได้ทุกระบบ
รายการนี้ยังไม่มีแท็ก
คุณยังไม่ได้ล็อกอิน คุณสามารถมีกิจกรรมร่วมกับเว็บไซต์ได้ แต่ต้องล็อกอินก่อน ::
  ล็อกอิน

รายการสื่อสารสนเทศ

ลำดับที่ ประเภท เลขเรียก/บาร์โค้ด สถานที่ สถานะ
1. นวนิยาย
นวนิยาย
นว. L111K 2552 ฉ.1 
  Barcode: 15822
ห้องสมุดวิทยาเขตสวรรค์ประชารักษ์
►นวนิยาย
บนชั้น
  ขอยืม

รายการใกล้เคียง
    ผู้แต่ง [TheLittleFinger]

BibComment


ยังไม่เคยถูกคอมเมนท์

คอมเมนท์ทรัพยากรรายการนี้
  คอมเมนท์: Kiss of Mars ปฏิ..


 Copyright 2026. Bcnsprnw @Library